Удачный год на фоне тревожных тенденций; Нефть России; № 12

Bibliografiska uppgifter
Parent link:Нефть России: аналитический журнал.— , 1996, 1999-2012
№ 12.— 2003.— С. 52-57
Språk:ryska
Publicerad: 2003
Serie:Анализ и прогноз
Ämnen:
Materialtyp: MixedMaterials Bokavsnitt
KOHA link:https://koha.lib.tpu.ru/cgi-bin/koha/opac-detail.pl?biblionumber=389569

MARC

LEADER 00000naa2a2200000 4500
001 389569
005 20231101063901.0
035 |a (RuTPU)RU\TPU\prd\21973 
090 |a 389569 
100 |a 20040129a2003 k y0rusy50 ca 
101 0 |a rus 
102 |a RU 
200 1 |a Удачный год на фоне тревожных тенденций 
225 1 |a Анализ и прогноз 
461 1 |0 (RuTPU)RU\TPU\prd\1610  |t Нефть России  |o аналитический журнал  |d 1996, 1999-2012 
463 1 |0 (RuTPU)RU\TPU\prd\21104  |t № 12  |v С. 52-57  |d 2003 
610 1 |a эксперты 
610 1 |a прогнозы 
610 1 |a итоги 
610 1 |a экономика 
610 1 |a Россия 
801 1 |a RU  |b 63413507  |c 20040129  |g PSBO 
801 2 |a RU  |b 63413507  |c 20140222  |g RCR 
942 |c BK